General genetics / (Record no. 11640)
[ view plain ]
| 000 -LEADER | |
|---|---|
| fixed length control field | 00973nam a22002891 4500 |
| 001 - CONTROL NUMBER | |
| control field | 11640 |
| 003 - CONTROL NUMBER IDENTIFIER | |
| rucl marc code | BD-RjUL |
| 005 - DATE AND TIME OF LATEST TRANSACTION | |
| control field | 20211208235146.0 |
| 008 - FIXED-LENGTH DATA ELEMENTS--GENERAL INFORMATION | |
| fixed length control field | 140127r19701965ii a 001 0 eng |
| 035 ## - SYSTEM CONTROL NUMBER | |
| System control number | (BD-RjUL)11689 |
| 040 ## - CATALOGING SOURCE | |
| Original cataloging agency | DLC |
| Transcribing agency | DLC |
| Modifying agency | DLC |
| -- | BD-RjUL |
| Language of cataloging | eng |
| 041 ## - LANGUAGE CODE | |
| Language code of text/sound track or separate title | eng |
| 082 00 - DEWEY DECIMAL CLASSIFICATION NUMBER | |
| Edition number | 23 |
| Classification number | 576.5 |
| Author mark and year | SRG1965 |
| 100 1# - MAIN ENTRY--PERSONAL NAME | |
| Personal name | Srb, Adrian M. |
| 9 (RLIN) | 36001 |
| 245 10 - TITLE STATEMENT | |
| Title | General genetics / |
| Statement of responsibility, etc. | by Adrian M. Srb, Ray D. Owen and Robert E. Edgar. |
| 250 ## - EDITION STATEMENT | |
| Edition statement | 2nd ed. |
| 260 ## - PUBLICATION, DISTRIBUTION, ETC. (IMPRINT) | |
| Place of publication, distribution, etc. | Lodon : |
| Name of publisher, distributor, etc. | San Francisco, W.H. Freeman. , |
| Date of publication, distribution, etc. | c1965 [Reprint1970] |
| 300 ## - PHYSICAL DESCRIPTION | |
| Pagination | x, 557 p. : |
| Illustrations | illus. ; |
| Size | 25 cm. |
| 490 0# - SERIES STATEMENT | |
| Series statement | Series of books in biology (W.H. Freeman and Company) |
| 500 ## - GENERAL NOTE | |
| General note | Includes index. |
| 650 #0 - SUBJECT ADDED ENTRY--TOPICAL TERM | |
| Topical term or geographic name as entry element | Genetics. |
| 9 (RLIN) | 36002 |
| 700 1# - ADDED ENTRY--PERSONAL NAME | |
| Personal name | Owen, Ray David, |
| Dates associated with a name | 1915- |
| Relator term | joint author. |
| Personal name | Edgar, Robert S., |
| Relator term | joint author. |
| 830 ## - SERIES ADDED ENTRY--UNIFORM TITLE | |
| Uniform title | Series of books in biology (W.H. Freeman and Company) |
| 942 ## - ADDED ENTRY ELEMENTS (KOHA) | |
| Source of classification or shelving scheme | Dewey Decimal Classification |
| Koha item type | Books |
| Lost status | Source of classification or shelving scheme | Damaged status | Not for loan | Collection code | Permanent Location | Current Location | Shelving location | Date acquired | Source of acquisition | Cost, normal purchase price | Total Checkouts | Full call number | Date last seen | Copy number | Koha item type | Date checked out |
|---|---|---|---|---|---|---|---|---|---|---|---|---|---|---|---|---|
| Dewey Decimal Classification | Non-fiction | Central Library, University of Rajshahi | Central Library, University of Rajshahi | Reading Room | 08/07/1976 | OSIS | 0.00 | 576.5 SRG 1970 | 27/01/2014 | C-2 | Books | |||||
| Dewey Decimal Classification | Fiction | Central Library, University of Rajshahi | Central Library, University of Rajshahi | 08/07/1976 | U.S.I.S. Dhaka | 8 | 576.5 SRG 1965 | 24/04/2025 | C-3 | Books | 08/04/2025 | |||||
| Dewey Decimal Classification | Not For Loan | Non-fiction | Central Library, University of Rajshahi | Central Library, University of Rajshahi | Reading Room | 13/04/1968 | Zeitlinger | 66.00 | 576.5 SRG 1965 | 11/04/2017 | C-1 | Books | ||||
| Dewey Decimal Classification | Non-fiction | Central Library, University of Rajshahi | Central Library, University of Rajshahi | 13/04/1968 | Zeitlinger | 66.00 | 576.5 SRG 1965 | 28/10/2018 | C-4 | Books | ||||||
| Dewey Decimal Classification | Non-fiction | Central Library, University of Rajshahi | Central Library, University of Rajshahi | General Stacks | 20/10/2024 | Registrar, R.U. | 576.5 SRG 1965 | 21/10/2024 | C-5 | Books |